|
|
|
|
| LEADER |
00000cam a2200000 i 4500 |
| 001 |
1/45081 |
| 008 |
031119s2003 gr | ||| |||| ||gre|| |
| 020 |
|
|
|a 9604180207
|
| 035 |
|
|
|l 10071663
|
| 040 |
|
|
|a GR-MyUa
|b gre
|e AACR2
|
| 041 |
0 |
|
|a gre
|
| 082 |
7 |
|
|a 004.678
|2 (21)
|
| 100 |
1 |
|
|a Βενιέρης, Ιάκωβος Στ.,
|d 1965-
|
| 245 |
1 |
0 |
|a Τεχνολογίες διαδικτύου /
|c Ιάκωβος Στ. Βενιέρης, Ευγενία Νικολούζου.
|
| 260 |
|
|
|a Θεσσαλονίκη :
|b Τζιόλας,
|c c2003.
|
| 300 |
|
|
|a 252 σ. :
|b έγχρ. εικ. ;
|c 25 εκ.
|
| 504 |
|
|
|a Περιέχει βιβλιογραφία (σ.235-241) και ευρετήριο.
|
| 650 |
0 |
0 |
|a Computer networks.
|
| 650 |
0 |
0 |
|a Data transmission systems.
|
| 700 |
1 |
|
|a Νικολούζου, Ευγενία.
|
| 852 |
|
|
|a INST
|b SYROS
|e 20031119
|h 004.678 ΒΕΝ
|p 005500003145
|q 005500003145
|t BK
|y 0
|
| 901 |
|
|
|a BIBL5-2003-3
|
| 922 |
|
|
|a 5ΕΛΗ
|b 200309
|c ΤΜΣΠΣ
|d ΠΑΠΑΣΩΤΗΡΙΟΥ
|
| 950 |
|
|
|a 183-2003-09-09
|
| 970 |
|
|
|a ΚΑΓΙΑΒΑ
|b ΕΙΡΗΝΗ
|z 2003/12/04
|